[Event "EU-ch 8th"]
[Site "Dresden"]
[Date "2007.04.14"]
[Round "11"]
[White "Bologan, Viktor"]
[Black "Lupulescu, Constantin"]
[Result "1-0"]
[WhiteElo "2658"]
[BlackElo "2566"]
[Annotator "Bologan,V"]
[PlyCount "145"]
[EventDate "2007.04.03"]
[EventType "swiss"]
[EventRounds "11"]
[EventCountry "GER"]
[SourceTitle "CBM 118"]
[Source "ChessBase"]
[SourceDate "2007.05.31"]
[SourceVersion "1"]
[SourceVersionDate "2007.05.31"]
[SourceQuality "1"]

1. e4 {This was the decisive game in order to qualify for the tie-breaks for
the World Cup 2007. This year due to a big number of participants and also to
the small number of qualification places (29 instead of the announced 33) a +4
result was not enough to qualify.} c5 2. Nf3 d6 3. d4 cxd4 4. Nxd4 Nf6 5. Nc3
Nc6 6. Bg5 e6 7. Qd2 a6 8. O-O-O Bd7 {For some reason my recent results in
this system went down especially when I switched to 9.f4.} 9. f3 {For this
game I decided to return to my old favourite move taught to me by Lanka.} Be7
10. h4 h6 11. Be3 h5 12. Bg5 Qc7 13. Kb1 {Perhaps this move allows Black to
transpose the game into favorable 9.f4 lines. Instead I would be better to
take on c6 myself.} (13. Nxc6 Bxc6 14. Bd3 O-O-O 15. Rhe1 Kb8 16. Kb1 Ka8 17.
Qf2 Rc8 18. Bc4 b5 19. Bb3 Rhd8 20. Qe2 Bb7 21. a4 b4 22. Na2 a5 23. c3 bxc3
24. Nxc3 $14 {Timofeev,A-Evdokimov,A/Moscow 2004}) 13... Nxd4 $1 $146 14. Qxd4
b5 15. Ne2 {A typical manoeuvre for the Rauzer. The knight anyway will have to
leave the square c3 after b5-b4.} (15. a3 Rb8 16. f4 Qc5) (15. Bxf6 {was also
interesting} gxf6 {but I am afraid that even after} (15... Bxf6 16. Qxd6 Qxd6
17. Rxd6 Ke7 18. Rd1 Bc6 19. Bd3 Rad8 20. g3 Bd4 {Black has full compensation
for the pawn.})) 15... a5 16. Bxf6 gxf6 (16... Bxf6 17. Qxd6 Qxd6 18. Rxd6 Ke7
19. Rd1 Rhd8 20. Nf4 $14) 17. f4 Rc8 18. Qd2 b4 {Here I was afraid of} (18...
Qb7 $5 {immediately and now it is not so easy to settle my pieces in a
comfortable way.}) 19. Nd4 Qb7 20. Bd3 a4 21. Rhe1 Rc5 $6 {An inaccurate move.
Better was to take under control the g file:} (21... Rg8 22. f5 e5 23. Nf3 a3
24. b3 Bf8 $13) 22. Re3 Rg8 23. g3 $14 {Now White has managed to stabilize
things on the kingside and is preparing the breakthrough in the centre with f5
or e5.} Bd8 24. Be2 Qb8 $1 {Otherwise White would already go for the piece
sacrifice, for example} (24... Ba5 25. Nf5 $1 exf5 26. Qxd6 Qc6 27. exf5+ Kd8
28. Qb8+ Qc8 29. Rxd7+ {!} Kxd7 30. Rd3+ Ke8 31. Qd6 $18) 25. b3 Bc7 26. Bc4 (
26. bxa4 Bxa4 27. Nb3 Bxb3 28. Rxb3 Ke7) 26... Kf8 27. Qe2 Rg7 28. bxa4 {
Opening the queenside White reckons that he has got more forces on it.} Bxa4
29. f5 e5 30. Nb3 Rc6 31. Bd5 Rc3 32. Rxc3 bxc3 33. Qc4 {It was risky but
better to take the h-pawn first:} (33. Qxh5 Ke7 34. Qf3 Ba5 35. a3 $1 {
Preventing Qb4.} Bd7 36. Ka2 Qb5 37. Rb1 Bb6 38. Qxc3 $16) 33... Bxb3 34. axb3
Ba5 35. Rd3 Ke7 36. Qa6 Bb4 37. Kc1 {I rejected the possiblity of going to the
ending} (37. Qb7+ Qxb7 38. Bxb7 {because of this line:} Rg8 39. Kc1 Rb8 40. Bc6
Rc8 41. Ba4 Bc5 42. Kd1 Bf2 43. Ke2 Bd4 44. Kf3 Ra8 {=}) 37... Rg8 38. Kd1 Rc8
39. Ke2 Rc7 40. Rd1 Ra7 41. Qc4 Qg8 42. Rd3 $4 {I definitely needed my king on
g2 in order to prevent the penetration of the black king to h3 - which is
killing for me.} (42. Kf2 Qg4 43. Re1 Bc5+ 44. Kg2 {!} Ra2 45. Qxc3 $16) 42...
Bc5 $1 {The first piece in a net around the white king.} 43. Rf3 (43. Rxc3 Qg4+
44. Rf3 Qh3 45. Kd2 Ra1) 43... Qg4 {Followed by Qh3.} 44. Bxf7 Kd8 $3 {Adter
spending the greatest part of his time, my talented young Romanian opponent
found the best and winning continuation. To be honest, I underestimated this
move, counting mostly on} (44... Kf8 45. b4 Rxf7 46. bxc5 dxc5 47. Qxc5+ Kg7
48. Qc6 Ra7 49. Ke3 Qh3) ({or} 44... Qh3 45. Qe6+ Kd8 46. Qxf6+ Kc7 47. Qe7+
Kb6 48. Qd8+ Rc7 49. Qb8+ Rb7 50. Qd8+ $11) 45. Bxh5 $1 {This is the only
practical chance.} (45. b4 Bd4 46. Qc6 Rxf7) (45. Qd5 Rxf7) 45... Qxh5 46. Qg8+
Kc7 47. Qg6 $1 {Of course the endings are not good for Black, so I win another
half tempo.} Qh8 48. Rxc3 Kb6 49. Qg4 Ra1 (49... Bd4 50. Rc4 Rg7 51. Rb4+ Kc7
52. Qf3 Qg8 53. Qd3 Rxg3 $19) 50. Qg6 Qa8 51. Rc4 Bd4 52. Kd3 Re1 53. Rb4+ Kc5
54. Rc4+ Kb5 55. Kd2 $1 {The last moves were made in mutual time trouble, but
I always had a slight advantage on the clock which perhaps finally helped me.}
Rxe4 (55... Qxe4 56. Qe8+) 56. Qf7 {It looks like White has enough counterplay.
} Be3+ $4 {Time! Missing the elegant but not at all obvious win.} (56... Qa5+
$1 57. b4 Qa8 $3 {Now the rook on c4 is unprotected.} (57... Be3+ 58. Kd3 Rd4+
59. Rxd4 Qa3+ 60. c3 Bxd4 61. Qe8+ Kb6 62. Qd8+ {=})) 57. Kd3 Rd4+ 58. Rxd4
exd4 (58... Bxd4 59. Qd7+ Kc5 60. Qc7+ Kb5 (60... Qc6 61. b4+ Kb5 62. c4+) 61.
Qd7+ {=}) 59. Qd7+ Qc6 60. c4+ $1 {Only here did I start to think of winning
again.} Kb6 61. Qd8+ Kb7 62. Qxf6 Bf2 63. Qe7+ Kb6 64. Qe4 Qxe4+ {The simpler
way to make a draw was to keep the d4-pawn alive.} (64... Bxg3 65. Qxc6+ Kxc6
66. h5 Be5 67. b4 {=}) 65. Kxe4 Bxg3 66. Kxd4 (66. f6 Bxh4 67. f7 Be7 68. b4
d5+) 66... Bxh4 67. Kd5 Kc7 $4 {Time! The decisive mistake which allows me to
create a little study.} (67... Be7 $1 {The black bishop belongs on f8.} 68. Ke6
(68. b4 Kc7 69. Ke6 Bf8 70. b5 Kb6 71. Kf7 Bh6 72. f6 Kc5 73. Ke7 d5 74. b6
Kxb6 75. cxd5 Bg5) 68... Bf8 69. b4 d5 70. cxd5 Bxb4 71. d6 Kc6 $11) 68. Ke6
Kc6 (68... Bg5 69. f6 Bh6 70. b4 Kc6 71. b5+ Kc7 72. Kf7 $18) 69. b4 Bg5 (69...
Kc7 70. b5 Bg5 71. f6 Kd8 72. b6 $18) 70. f6 Bxf6 (70... Bh6 {was already too
late in view of} 71. b5+ Kc7 (71... Kc5 72. Kd7 Bf8 73. Kc7 d5 74. b6 dxc4 75.
b7 $18) 72. Kf7 $18) 71. b5+ $1 {The two intermediate moves of the b pawn let
me go to the tie-breaks which I unfortunately lost.} (71. Kxf6 d5 72. b5+ Kd6 {
!=}) 71... Kc5 72. Kxf6 d5 73. b6 $1 1-0

[Event "EU-chT (Men) 10th"]
[Site "Debrecen"]
[Date "1992.11.??"]
[Round "3.2"]
[White "Spasov, Vasil"]
[Black "Van der Wiel, John"]
[Result "0-1"]
[WhiteElo "2550"]
[BlackElo "2540"]
[Annotator "Bulletin"]
[PlyCount "60"]
[EventDate "1992.11.20"]
[EventType "team-swiss"]
[EventRounds "9"]
[EventCountry "HUN"]
[SourceTitle "EU-chT"]
[Source "ChessBase"]
[SourceDate "1999.07.01"]
[SourceVersion "2"]
[SourceVersionDate "1999.07.01"]
[SourceQuality "1"]
[WhiteTeam "Bulgaria"]
[BlackTeam "Netherlands"]
[WhiteTeamCountry "BUL"]
[BlackTeamCountry "NED"]

1. e4 c5 2. Nf3 d6 3. d4 cxd4 4. Nxd4 Nf6 5. Nc3 Nc6 6. Bg5 e6 7. Qd2 a6 8.
O-O-O Bd7 9. f4 h6 10. Bxf6 Qxf6 11. Nb3 $5 (11. Nf3) 11... Qd8 (11... O-O-O
12. g3 $14 {ףf6}) (11... g5 12. f5 $5 (12. g3)) 12. Kb1 (12. h4 b5 $5 (12...
Qc7 13. Rh3 Be7 14. h5 $1 {()} (14. Rd3 g5 $1 $13 (14... Nb4 $6 15. Re3 $14))))
12... Qc7 13. h4 $1 O-O-O 14. Rh3 Be7 15. Qf2 (15. Rd3 $5 Bxh4 16. Rxd6 (16.
Nd5 $6 exd5 17. exd5 Bf6 $1 18. dxc6 Bxc6 $15) 16... Be7 17. Rd3 Nb4 18. Rg3 (
18. Rd4 Nc6 $10) 18... Ba4 $5 {><c2, f4} 19. Bd3 Nxd3 20. cxd3 Bxb3 21. axb3 g5
22. Rc1 Kb8 23. Nd5 Qd6 24. Nxe7 Qxe7 $10) (15. h5 {()}) 15... Kb8 16. Rhd3 (
16. Na4 $5 g5 $1 $13) (16. h5) 16... g5 $5 17. Nd5 $6 (17. hxg5 hxg5 18. g3 $10
) (17. g3 $5 gxf4 18. gxf4 $13) 17... exd5 18. exd5 Bg4 $1 (18... Na7 $2 19.
Rc3 $16) (18... Bf5 $2 19. Rc3 Bf6 20. Rc4) 19. dxc6 (19. Re1 Na7 20. Rc3 Qd7
21. Bxa6 $5 (21. Na5 Ka8 $1 22. Qb6 (22. Rb3 Rb8 23. Nc4 Bd8) 22... Rc8 23.
Bxa6 bxa6 24. Nc6 Bf6 $19) 21... Bf6 $1 (21... bxa6 22. Qb6+ Qb7 (22... Ka8 23.
Rc7 Qxc7 24. Qxc7 Rd7 $15) 23. Qxb7+ Kxb7 24. Rxe7+ Rd7 $17) 22. Rg3 gxf4 $19 (
22... bxa6 $19)) 19... Bxd1 20. Nd4 $1 (20. Rxd1 Qxc6 $17) (20. cxb7 Bxc2+ 21.
Qxc2 Qxc2+ 22. Kxc2 Kxb7 $17) 20... Bf6 (20... Bg4 $6 21. Rb3 Bc8 (21... b6 22.
Ne6 $1) 22. Bxa6 $40) (20... bxc6 21. Rxd1 $44) 21. Rxd1 (21. fxg5 $2 Bxd4 22.
Qxd4 Bh5 $19) (21. Rb3 $6 Bxd4 22. Qxd4 Bxc2+ 23. Kxc2 Qxc6+ 24. Rc3 Qd7 $17)
21... Bxd4 22. Qxd4 Qxc6 23. fxg5 hxg5 24. hxg5 Rh1 (24... Rhg8 25. Qf4 $15) (
24... Rhe8 $1 25. Qf6 (25. Bc4 d5) 25... Rc8 26. c3 (26. Bd3 Re2 $17) 26...
Qe4+ 27. Bd3 (27. Ka1 Qd5 $5) 27... Qxg2 28. Qxd6+ Ka8 $17) 25. a3 Rc8 26. Ka2
$5 (26. c3 Re8 27. Be2 $5 Rxd1+ 28. Bxd1 Re5 (28... Qe4+ 29. Qxe4 Rxe4 30. Bh5
$15) 29. Bf3 Qd7 $17) 26... Qxc2 27. Qxd6+ Ka7 (27... Qc7 28. Qd5) (27... Ka8
$5) 28. Rd2 (28. Qd5 $2 Qc5 $1 {/\} 29. Qxf7 Rf8) (28. Be2 Rxd1 29. Qxd1 $17 (
29. Bxd1 Qxg2 $17)) 28... Qc1 (28... Qc5 29. Qf4 $15) 29. Qd4+ Ka8 30. Rf2 $4 (
30. Be2 Qb1+ 31. Kb3 Rhc1 (31... Qf5 32. Qd7) (31... Qg6 $6 {/\ Rc6} 32. Bf3
Rhc1 $15 (32... Qxg5 $2 33. Qb6 $1)) 32. Bd3 $1 (32. Bf3 R1c5 $40) 32... R1c3+
33. Qxc3 Rxc3+ 34. Kxc3 Qc1+ 35. Rc2 Qxg5 36. Re2 $15) 30... Rxf1 0-1

[Event "Portoroz op"]
[Site "Portoroz"]
[Date "1997.??.??"]
[Round "7"]
[White "Sutovsky, Emil"]
[Black "Tratar, Marko"]
[Result "1-0"]
[WhiteElo "2560"]
[BlackElo "2420"]
[Annotator "ChessBase"]
[PlyCount "61"]
[EventDate "1997.??.??"]
[EventType "swiss"]
[EventRounds "9"]
[EventCountry "SLO"]
[SourceTitle "EXT 1999"]
[Source "ChessBase"]
[SourceDate "1998.11.16"]
[SourceVersion "1"]
[SourceVersionDate "1998.11.16"]
[SourceQuality "1"]

1. e4 c5 2. Nf3 d6 3. d4 cxd4 4. Nxd4 Nf6 5. Nc3 Nc6 6. Bg5 e6 7. Qd2 a6 8.
O-O-O Bd7 9. f3 Qa5 $6 (9... Be7) 10. h4 Rc8 11. Kb1 Nxd4 12. Qxd4 Be7 13. g4
O-O 14. Qd2 $1 {/\ Nd5!} Qc5 15. h5 b5 16. Be3 Qc7 17. g5 b4 18. Ne2 Ne8 19.
Nd4 a5 20. g6 $6 {/\ f5->} (20. f4) 20... Bf6 $1 21. Bh3 Qc4 22. Qh2 a4 23. Bf1
Qc7 24. Bd3 $6 (24. h6 $1 fxg6 25. hxg7 (25. Qg3 {!!Game converted with error!!
}) 25... Nxg7 26. Qxh7+ Kf7 27. Bd3 $14 (27. Ba6 $5)) 24... h6 $1 25. Qd2 a3
26. e5 $6 (26. b3 Qc3 27. Qxc3 Rxc3 28. Rhe1 $14) 26... Bxe5 27. Bxh6 Bxd4 28.
Bxg7 Bxg7 $2 (28... Nxg7 29. Qh6 Rfd8 $1 $19) 29. h6 Bc3 30. Qg5 $1 f5 {/\ g7+-
} (30... Bf6 31. Qg2 Ng7 32. hxg7 Bxg7 33. Rh8+ $3 Bxh8 34. g7 $1 Bxg7 35. Rg1
$18) (30... f6 31. Qh4) 31. Qe7 1-0

[Event "Chigorin Memorial-13"]
[Site "Sochi"]
[Date "1979.??.??"]
[Round "12"]
[White "Sveshnikov, Evgeny"]
[Black "Ghitescu, Theodor"]
[Result "1-0"]
[WhiteElo "2545"]
[BlackElo "2400"]
[Annotator "ChessBase"]
[PlyCount "49"]
[EventDate "1979.??.??"]
[EventType "tourn"]
[EventRounds "15"]
[EventCountry "URS"]
[EventCategory "9"]
[SourceTitle "EXT 1999"]
[Source "ChessBase"]
[SourceDate "1998.11.16"]
[SourceVersion "1"]
[SourceVersionDate "1998.11.16"]
[SourceQuality "1"]

1. e4 c5 2. Nf3 d6 3. d4 cxd4 4. Nxd4 Nf6 5. Nc3 a6 6. Bg5 Nc6 7. Qd2 Bd7 8.
O-O-O e6 9. f4 b5 10. Bxf6 gxf6 11. Nxc6 Bxc6 12. Qe1 h5 13. Bd3 Bh6 $2 14. Rf1
Qe7 15. Kb1 Bb7 16. Qe2 O-O-O 17. a4 b4 18. Na2 $16 (18. Bxa6 bxc3 19. Rf3 Rd7
20. Rxc3+ Kd8 21. Qb5 $16) 18... a5 19. c3 d5 20. cxb4 axb4 21. Ba6 dxe4 22.
Qb5 $18 Rxd1+ 23. Rxd1 Bxf4 24. Nxb4 Be3 25. Re1 1-0

[Event "SWE-ch"]
[Site "Helsingborg"]
[Date "1991.??.??"]
[Round "1"]
[White "Winsnes, Rikard"]
[Black "Schneider, Lars Ake"]
[Result "0-1"]
[WhiteElo "2330"]
[BlackElo "2445"]
[Annotator "ChessBase"]
[PlyCount "62"]
[EventDate "1991.??.??"]
[EventType "tourn"]
[EventRounds "15"]
[EventCountry "SWE"]
[EventCategory "4"]
[SourceTitle "TD"]
[Source "ChessBase"]
[SourceDate "1994.03.01"]
[SourceVersion "1"]
[SourceVersionDate "1994.03.01"]
[SourceQuality "1"]

1. e4 c5 2. Nf3 Nc6 3. d4 cxd4 4. Nxd4 Nf6 5. Nc3 d6 6. Bg5 e6 7. Qd2 a6 8.
O-O-O Bd7 9. f3 Be7 10. h4 Qc7 11. g4 {11.Le3 kanske är en smartare dragföljd.
Engelska angreppet med minustempo  för vit men svart har Е andra sidan spelat
Ld7 och Dc7 i onödan. RW} h5 12. gxh5 Nxh5 13. Bxe7 Nxe7 {Det är fjärde gÅngen
Schneider har upp den här ställningen i ECO ger de Gipslis-Schneider 1978, och
vit skulle ha spelat 14.f4 med vit fördel.} 14. f4 (14. Nde2 Bc6 15. Qxd6 Qxd6
16. Rxd6 Ng6 {Och svart har kompensation, Kristiansen - Schneider.}) 14...
O-O-O 15. Nde2 Bc6 16. Rh3 d5 17. e5 Nf5 18. Nd4 Nhg3 $1 19. Qe1 (19. Bd3 Ne4
$1 20. Bxe4 dxe4 21. Nce2 e3 {Med bra spel för svart.}) 19... Nxd4 20. Rxd4 Nf5
21. Rb4 Qe7 22. Na4 Bxa4 23. Rc3+ $4 (23. Rxa4 Rxh4 $2 (23... Rd7 24. h5 $13)
24. Rxa6 $3 bxa6 25. Bxa6+ Kb8 26. Rb3+ Ka8 27. Qa5 Rh1+ 28. Bf1+ Qa7 29. Qxd8+
) 23... Kb8 24. Rxa4 Qxh4 25. Qd1 d4 26. Rf3 Ne3 27. Qe2 Qh1 28. Rb4 Rd7 29.
Rf2 Rc8 30. Qd3 Qg1 31. Qxa6 Nd5 $1 (31... Qxf2 $4 32. Rxb7+ $10 Rxb7 33. Qd6+
Rcc7 34. Qf8+ Ka7 35. Qa3+ Kb6 36. Qb4+ Ka7 $10 (36... Kc6 $4 37. Qd6#)) 0-1

[Event "Montreal International"]
[Site "Montreal"]
[Date "1979.04.18"]
[Round "6"]
[White "Karpov, Anatoly"]
[Black "Hort, Vlastimil"]
[Result "1/2-1/2"]
[WhiteElo "2705"]
[BlackElo "2600"]
[Annotator "ChessBase"]
[PlyCount "54"]
[EventDate "1979.04.11"]
[EventType "tourn"]
[EventRounds "18"]
[EventCountry "CAN"]
[EventCategory "15"]
[SourceTitle "MCL"]
[Source "ChessBase"]
[SourceDate "1999.07.01"]
[SourceVersion "1"]
[SourceVersionDate "1999.07.01"]
[SourceQuality "1"]

1. e4 c5 2. Nf3 Nc6 3. d4 cxd4 4. Nxd4 Nf6 5. Nc3 d6 6. Bg5 e6 7. Qd2 a6 8.
O-O-O Bd7 9. f3 {/\g4-g5} Rc8 (9... b5 10. h4 h5 $6 11. Kb1 Be7 12. Nxc6 Bxc6
13. Ne2 $16 {Tal,M-Cabrillo/Lvov/1981/}) (9... Nxd4 10. Qxd4 Be7 11. g4 Bc6 12.
Be3 O-O 13. Qd2 {Tal,M-Deze/Novi Sad/1974/}) 10. Kb1 Be7 11. g4 O-O 12. Be3
Nxd4 13. Bxd4 (13. Qxd4 Bc6 14. g5 Nd7 15. f4) 13... b5 14. g5 Ne8 15. h4 Nc7
16. Ne2 Rb8 17. Ng3 Re8 18. f4 $16 {White is much faster} Bf8 19. f5 d5 $5 {
Best chance} 20. g6 $6 (20. f6 $142 e5 21. fxg7 Bxg7 22. Bc5 $16 {/\ Nf5 od.
Nh5}) 20... fxg6 21. fxg6 e5 $1 22. gxh7+ Kh8 23. Bf2 Be6 $132 24. Qa5 Qd7 25.
Bd3 d4 26. Ne2 b4 27. Nc1 (27. Rdg1 $142 {/\ Rg5, h4-h5-h6}) 27... Qc6 1/2-1/2

[Event "YUG-chT"]
[Site "Tivat"]
[Date "1995.??.??"]
[Round "4"]
[White "Tseshkovsky, Vitaly"]
[Black "Govedarica, Radovan"]
[Result "1-0"]
[WhiteElo "2540"]
[BlackElo "2430"]
[Annotator "Dolmatov,S"]
[PlyCount "89"]
[EventDate "1995.??.??"]
[EventType "team-swiss"]
[EventRounds "11"]
[EventCountry "YUG"]
[SourceTitle "CBM 048 Extra"]
[Source "ChessBase"]
[SourceDate "1995.11.01"]
[SourceVersion "1"]
[SourceVersionDate "1995.11.01"]
[SourceQuality "1"]

1. e4 c5 2. Nf3 d6 3. d4 cxd4 4. Nxd4 Nf6 5. Nc3 Nc6 6. Bg5 e6 7. Qd2 a6 8.
O-O-O Bd7 9. f4 Nxd4 $2 (9... Be7) (9... h6 10. Bh4 Nxe4 11. Qe1 $14) 10. Qxd4
Bc6 11. f5 $1 exf5 (11... Be7 12. fxe6 fxe6 13. Bc4 $16) 12. e5 $1 (12. exf5
Be7 13. Bxf6 Bxf6 14. Re1+ Kf8 15. Qd3 Qa5 $5 16. Qxd6+ Kg8 $132) (12. Bxf6 $2
Qxf6 13. Qxf6 gxf6 14. exf5 Bh6+ 15. Kb1 Bf4 $132) 12... dxe5 13. Qxe5+ Qe7 14.
Qxf5 Qe6 (14... Qc5 $2 15. Re1+ $18) 15. Qa5 $1 (15. Qf2 Be7 16. Re1 Qd6 17.
Bxf6 Qxf6 18. Qxf6 gxf6 $132) 15... Be7 (15... Rc8 $2 16. Bd3 $18) 16. Nb5 O-O
(16... Bxb5 17. Bxb5+ Kf8 18. Bd3 $16) (16... Bd8 $2 17. Rxd8+ Rxd8 18. Nc7+
$18) 17. Nc7 Qg4 18. Nxa8 Rxa8 19. h3 $16 Qg3 20. Rd3 Qb8 21. Be2 $4 (21. Re3
Qf8 22. Bc4 $18) 21... Bb5 (21... Bxg2 $2 22. Re1 $16 (22. Rg1 Qh2)) 22. Rhd1 (
22. Re3 Nd5 23. Bxe7 (23. Rxe7 Nxe7 24. Bxe7 (24. Bxb5 axb5 25. Qxb5 Rxa2 26.
Kb1 Qa8 $17) 24... Bxe2 $10) 23... Qf4 24. Qd2 Nxe3 $10) (22. Rd2 Qe5 23. Bxb5
Qxg5 $13) 22... Bxd3 23. Bxd3 $14 h6 24. Bd2 b5 (24... Qg3 $5 25. Re1 Bd8 $132)
25. Kb1 (25. Re1 $5) 25... Qb7 (25... Qg3 $2 26. Bxb5) 26. g4 Qf3 $2 (26... Ne4
27. Bxe4 Qxe4 28. Re1 Qb7 $10) 27. Re1 Bf8 28. a4 bxa4 29. Qxa4 Qxh3 30. g5
hxg5 31. Bxg5 Qg4 $6 (31... Qg3 $5 32. Bh4 Qd6 (32... Qg4 33. Qxg4 Nxg4 34. Re4
$44) 33. Bxf6 Qxf6 34. Qe4 $18) 32. Qc6 Rc8 33. Qxa6 Nd5 34. Bd2 $16 Rb8 (34...
Nb4 35. Bxb4 Bxb4 36. Re4 Qg1+ 37. Ka2 $16) 35. Qc4 Qd7 (35... Qxc4 36. Bxc4
Bb4 37. Bxb4 Nxb4 38. Re7 $16) 36. Qh4 g6 37. Rh1 Bg7 38. Qh7+ Kf8 39. Bh6 $1
Bxh6 (39... Rxb2+ 40. Kc1 Rb1+ 41. Kd2 Rxh1 42. Bxg7+ Ke7 43. Qxh1 $18) 40.
Qh8+ Ke7 41. Qxb8 Be3 42. Bc4 $18 Bf4 43. Re1+ Kf6 44. Qh8+ Kf5 45. Qh3+ 1-0

[Event "Groningen"]
[Site "Groningen"]
[Date "1994.??.??"]
[Round "4"]
[White "Georgiev, Kiril"]
[Black "Van der Wiel, John"]
[Result "1/2-1/2"]
[WhiteElo "2615"]
[BlackElo "2555"]
[Annotator "Donev,I"]
[PlyCount "53"]
[EventDate "1994.12.??"]
[EventType "tourn"]
[EventRounds "11"]
[EventCountry "NED"]
[EventCategory "15"]
[SourceTitle "CBM 045"]
[Source "ChessBase"]
[SourceDate "1995.04.01"]
[SourceVersion "1"]
[SourceVersionDate "1995.04.01"]
[SourceQuality "1"]

1. e4 c5 2. Nf3 d6 3. d4 cxd4 4. Nxd4 Nf6 5. Nc3 Nc6 6. Bg5 e6 7. Qd2 a6 8.
O-O-O Bd7 9. f4 h6 10. Bh4 g5 11. fxg5 Ng4 12. Nf3 hxg5 13. Bg3 Be7 14. Kb1
Nge5 15. Bd3 (15. Be2 $5) 15... Nxf3 16. gxf3 Qc7 17. h4 (17. f4 gxf4 18. Bxf4
O-O-O 19. Be2 Ne5 $10) 17... gxh4 18. Qf2 O-O-O (18... Qd8 19. Qh2 (19. f4 Bf6
$15) 19... Nd4 (19... Qc7 20. Qf2 Qd8 21. Qh2 $10) 20. Bxd6 Nxf3 21. Qf4 Bxd6
22. Qxd6 Qb8 23. Qb6 $14) 19. Bxh4 Bxh4 20. Rxh4 Rdf8 (20... Rdg8 $142 21. a3
Ne7 22. f4 Bc6 $13) 21. f4 Rxh4 22. Qxh4 Qd8 23. Qf2 Rh8 24. a3 Qc7 25. Rg1 Kb8
26. Qg3 Ne7 27. Rd1 (27. Rd1 Ng6 28. e5 dxe5 29. Bxg6 fxg6 (29... exf4 30. Qd3
fxg6 31. Qxd7 Qxd7 32. Rxd7 Rh1+ 33. Ka2 g5 34. Rg7 $14) 30. fxe5 Bc6 $10)
1/2-1/2